00465nam a2200145Ia 4500008004100000100002200041245008600063245002000149260003900169260000900208300001000217650001800227650001500245856005900260170221s9999 xx 000 0 und d aBritt, Rebecca K. aEffects of Self-presentation and Social Media Use in Attainment of Beauty Ideals  cRebecca K Britt bStudies in Media and Communication c2015 a3 : 1 xCommunication xMedia Arts uhttp://redfame.com/journal/index.php/smc/issue/view/30